| 000 | 00677nam a2200229Ia 4500 | ||
|---|---|---|---|
| 005 | 20260429112012.0 | ||
| 008 | 260429s9999||||xx |||||||||||||| ||und|| | ||
| 020 | _a9781032596716 | ||
| 041 | _aEnglish | ||
| 082 |
_a370.9 _bCHO |
||
| 100 | _aChoo, Suzanne S. | ||
| 245 | 0 |
_aDeveloping future-ready learners for a global age : _bpedagogical innovations in Singapore / _cSuzanne S. Choo |
|
| 250 | _a1st ed. | ||
| 260 |
_aNew Delhi : _bRoutledge, _c2025. |
||
| 300 | _axi, 290 p.; pbk | ||
| 650 | _a Educational innovation | ||
| 650 | _a Student development | ||
| 650 | _aGlobal education | ||
| 700 | _a Chua, Bee Leng | ||
| 700 | _a Liu, Woon Chia | ||
| 942 | _cTB | ||
| 999 |
_c51836 _d51836 |
||